01200nam a22002418i 4500001001900000003000600019007000300025008004100028020003700069024001800106035002000124035002400144040003800168041001200206100003000218245003600248264003600284300004100320490001900361520053900380650002400919653001500943991027022401107026UkOxUt|240109s2024 enka 000|0|eng|d a9781838612238qhardbackcĐ18.998 aCIPO000055807 a()9781838612238 a(StEdALDL)1/4420265 aStDuBDSbengcStDuBDSerdadUkOxU aEnglish aBateman, Kristeneauthor.10aMaximalism c/ Kristen Bateman. 1aLondon :bOrange Hippo!,c2024. a160 pages :billustrations ;c21 cm.0 aInterior style aThe extrovert of interior design and the definition of 'more is more', maximalism is an exuberant celebration of pattern, colour and texture that deliberately clash. Its roots lie in 1930s Hollywood Regency style, Rococo and Neoclassicism, as well as Greek, Egyptian and Asian styles. With a historical overview of the decor, and illustrated with examples of notable interiors and key elements of lighting, furniture, colour palette, texture and textile, the book offers practical advice on how to recreate the look in your own home. 0aInterior decoration aMaximalism